000 00939nam a2200133Ia 4500
008 220620s9999||||xx |||||||||||||| ||und||
020 _a9783040000000
245 0 _aExclusive Feature Papers in Colorants
546 _aEnglish[eng]
650 _amolecular rotors||BODIPY||viscosity sensors||dye chemistry||energy-electron transfer||azobenzene||dye||fluorophore||colorant||polymeric blend||heterocycles||2-arylazo-5-aryl-1,3,4-thiadiazoles||azo-coupling reactions||crystal structure||flavone||solvatochromic probe||membrane||zinc ion||fluorescence||tridentate ligand||catalysis||electrochemistry||morpholine||porphyrazine||titanium(IV) oxide||PI-88||glycosylation||1,2-methyl orthoesters||fluorescent labeling||AIE||zinc complex||inorganic pigments||orange color||environment-friendly||Mn4+ ion||d–d transition
700 _aPrieto, Jorge Bañuelos||Caruso, Ugo
856 _uhttps://mdpi.com/books/pdfview/book/4785
942 _cEB
999 _c24463
_d24463